| 000 | 00768nam a2200181 a 4500 | ||
|---|---|---|---|
| 005 | 20210223123459.0 | ||
| 008 | 991125s1983 mx 000 0 spa u | ||
| 035 | _aUPN01000054199 | ||
| 049 | _aCG | ||
| 050 | 4 |
_aP92 M6 _bC6 no.2 |
|
| 245 | 0 | 0 |
_aSoberanía e identidad nacional : _bv.1. |
| 260 |
_aMéxico : _bForo de Consulta Popular de Comunicación Social, _c1983. |
||
| 300 | _a273, [40] p. | ||
| 440 | 0 |
_aComunicación social ; _v2 |
|
| 500 | _a"Contiene: La recopilación de 63 ponencias registradas en el tema, para participar en las reuniones que se organizaron los días 2, 4, 6 y 8 de mayo en las ciudades de Hermosillo Son., Monterrey, N. L., Guadalajara, Jal. y Mérida" | ||
| 650 | 4 |
_aCOMUNICACION - _zMEXICO - _xASPECTOS POLITICOS _99821 |
|
| 905 | _aLibro | ||
| 999 |
_c54199 _d54199 |
||